书目信息 |
| 题名: |
新时期统一战线文献选编
|
|
| 作者: | ;中共中央统一战线工作部 , 中共中央文献研究室 编 | |
| 分册: | ||
| 出版信息: | 北京 中共中央党校出版社 1985 |
|
| 页数: | 533页 | |
| 开本: | 20cm | |
| 丛书名: | ||
| 单 册: | ||
| 中图分类: | D613 | |
| 科图分类: | ||
| 主题词: | 革命--统一战线--中国 | |
| 电子资源: | ||
| ISBN: | ||
| 000 | 00828nam0 2200241 45 | |
| 001 | 0185001011 | |
| 005 | 20050105111256.5 | |
| 010 | @b精装@dCNY5.00 | |
| 091 | @a3230.254 | |
| 100 | @a19931028d1985 kemy0chiy0121 ea | |
| 101 | 0 | @achi |
| 102 | @aCN@b110000 | |
| 105 | @ay z 000yy | |
| 200 | 10 | @a新时期统一战线文献选编@Axin shi qi tong yi zhan xian wen xian xuan bian@f中共中央统一战线工作部,中共中央文献研究室编@FZhong Gong Zhong Yang Tong Yi Zhan Xian Gong Zuo Bu,Zhong Gong Zhong Yang Wen Xian Yan Jiu Shi Bian |
| 210 | @a北京@c中共中央党校出版社@d1985 | |
| 215 | @a533页@d20cm | |
| 606 | @a革命@x统一战线@x中国 | |
| 690 | @aD613@v3 | |
| 711 | 02 | @a中共中央统一战线工作部@4编 |
| 711 | 02 | @a中共中央文献研究室@4编 |
| 801 | 0 | @aCN@b深圳图书馆@c20050105 |
| 801 | 2 | @aCN@bNLC@c20050105 |
| 905 | @f1@b161762@dD613@e15 | |
| 新时期统一战线文献选编/中共中央统一战线工作部,中共中央文献研究室编.-北京:中共中央党校出版社,1985 |
| 533页;20cm |
| ISBN (精装):CNY5.00 |
| ● |
| 相关链接 |
|
|
|
|
正题名:新时期统一战线文献选编
索取号:D613/15
 
预约/预借
| 序号 | 登录号 | 条形码 | 馆藏地/架位号 | 状态 | 备注 |
| 1 | 0161762 | 001965216 | 第一借阅区/ [索取号:D613/15] | 在馆 | |
| 2 | 0161763 | 000482891 | 第一样本阅览室/ [索取号:D613/15] | 在馆 |